000 00825nam a2200253Ia 4500
008 191130s1998##################000#0#eng##
020 _a9780792349099
022 _a97049832
040 _aACL
_cACL
082 _a338.9 LEM
245 _aEcological sustainability and integrity : concepts and approaches
_cedited by John Lemons, Laura Westra, and Robert Goodland
260 _aDordrecht ; Boston
_bKluwer Academic
_c1998
300 _axix, 315 p. : ill. ; 25 cm
500 _aIncludes bibliographical references and index
650 _aEcological integrity
650 _aEnvironmental policy
650 _aSustainable development
700 _aGoodland, Robert J. A
700 _aLemons, John
700 _aWestra, Laura
990 _aed63705dac10000c04b2c4f9cbb2033c
991 _a251187
999 _c155799
_d155799